| 000 | 00553nam a22001697a 4500 | ||
|---|---|---|---|
| 003 | NUST | ||
| 038 | _aNusrat Nadeem | ||
| 082 | _a200 | ||
| 100 |
_aAshfaq, Mubashir _9123013 |
||
| 245 |
_aLiquid Based Reconfigurable Metasurface for Beam Steering Applications/ _cMubashir Ashfaq |
||
| 264 |
_aIslamabad, _bSEECS NUST, _c2024. |
||
| 300 |
_a75,p; _bill; _c30,cm; |
||
| 650 |
_aMS-Electrical Engineering _923567 |
||
| 700 |
_aSupervisor:Dr. Muhammad Umar Khan _999071 |
||
| 856 | _uhttp://10.250.8.41:8080/xmlui/handle/123456789/43482 | ||
| 942 |
_2ddc _cTHE |
||
| 999 |
_c609352 _d609352 |
||